All 10k+ cities in Louisiana on a Map - Statistics

General Stats
  • This quiz has been taken 133 times
  • The average score is 16 of 34
Answers on the Map
Answers color-coded by a green-red scale on the quiz's map according to % correct below.
 
Answer Stats
City Population % Correct
New Orleans 383,997
100%
Baton Rouge 227,470
98%
Shreveport 187,593
93%
Lafayette 121,374
89%
Lake Charles 84,872
82%
Monroe 47,702
77%
Alexandria 46,180
72%
Bossier City 62,701
70%
Kenner 66,448
69%
Houma 33,406
62%
Slidell 28,781
61%
Natchitoches 18,039
57%
New Iberia 28,555
49%
Hammond 19,584
46%
Ruston 22,166
46%
Zachary 19,316
36%
Central 29,565
33%
Covington 11,564
33%
Sulphur 21,809
33%
Thibodaux 15,948
33%
Opelousas 15,786
31%
West Monroe 13,103
31%
Bogalusa 10,659
26%
Gretna 17,814
26%
Mandeville 13,192
25%
Youngsville 15,929
25%
Abbeville 11,186
23%
Gonzales 12,231
23%
Minden 11,928
23%
Pineville 14,384
23%
Broussard 13,417
20%
Crowley 11,710
20%
Morgan City 11,472
20%
Baker 12,455
16%
No matching quizzes found
Score Distribution
Percent of People with Each Score
Percentile by Number Answered
Your Score History
You have not taken this quiz